Star Academy 2023 - Candidats - Statistiques

Statistiques générales
  • Ce quiz a été pris 115 fois
  • Le résultat moyen est 11 sur 13
Statistiques - réponses
Hint Réponse % Correct
1er(e) Pierre
98%
3e/4e Helena
96%
2e Julien
93%
5e Lenie
92%
3e/4e Axel
91%
7e Candice
86%
8e Clara
84%
6e Djebril
84%
13e Louis
82%
12e Lola
81%
11e Marie-Maud
80%
10e Victorien
80%
9e Margot
78%
Aucun quiz correspondant
Distribution des résultats
% des personnes avec chaque résultat
Percentile par nombre de réponses
Votre historique - résultats
Vous n’avez pas pris ce quiz